1652 1251 1800 1416 1840 1247 1616 1923 1050 1821 1760 1240 1718 1106 1006 1048 1295 1773 1161 1076 1698 1074 1796 1604 1274 1240 1002 1019 1546 1224 1293 1211 1572 1685 1171 1735 1085 1182 1807 1727 1211 1114 1448 1934 1259 1546 1430 1141 1741 1736 1588 1782 1280 1555 1751 1167 1249 1175 1414 1691 1267 1225 1995 1701 1193 1649 1908 1456 1394 1273 1293 1107 1722 1240 1393 1809 1168 1358 1401 1899 1496 1377 1977 1590 1843 1517 1304 1679 1909 1160 1849 1963 1002 1179 1380 1999 1625 1278 1208 BCNSPRNW ULIB Ver.6.0+V

เปลี่ยนเป็นภาษาไทย

Change to English
 แสดงรายละเอียดบรรณานุกรม
  กลับหน้าหลัก

Brief Record : Get Marc (ISO 2709) : E-mail record : QR code < ปิดหน้าต่าง
LEADER : 00000nam 2200000uu 4500
001    13399115200
003     ULIB
008    120727s2552||||th 000 0 tha d
020    ^a978611000147
099    ^aนว.^bร147ซ
100 0  ^a ร่มแก้ว
245 00 ^aปฐพีเล่ห์รัก/^cร่มแก้ว
250    ^aพิมพ์ครั้งที่ 1
260    ^aกรุงเทพฯ :^bพิมพ์คำ,^c2552
300    ^a324 หน้า
945    ^p230^l0^i16170
995    ^a กัณชพร
999    ^aใช้งานได้ทุกระบบ
รายการนี้ยังไม่มีแท็ก
คุณยังไม่ได้ล็อกอิน คุณสามารถมีกิจกรรมร่วมกับเว็บไซต์ได้ แต่ต้องล็อกอินก่อน ::
  ล็อกอิน

รายการสื่อสารสนเทศ

ลำดับที่ ประเภท เลขเรียก/บาร์โค้ด สถานที่ สถานะ
1. วิทยาศาสตร์การแพทย์ และสุขภาพ
วิทยาศาสตร์การแพทย์ และสุขภาพ
นว. ร147ซ  
  Barcode: 16170
ห้องสมุดวิทยาเขตสวรรค์ประชารักษ์
►นวนิยาย
บนชั้น
  ขอยืม

รายการใกล้เคียง
    ผู้แต่ง [ร่มแก้ว]

BibComment


ยังไม่เคยถูกคอมเมนท์

คอมเมนท์ทรัพยากรรายการนี้
  คอมเมนท์: ปฐพีเล่ห์รัก ร่ม..


 Copyright 2026. Bcnsprnw @Library